00966 2200349 4500001002100000005001500021035002000036007000300056040001600059100002800075245005800103250001900161300004000180020002200220041000800242082001000250090002200260264003300282336002100315337003000336338002300366850001000389008004100399650002300440700003600463084001600499504002900515990001800544990001800562990001800580990001800598INLIS00000000000443720260526104900 a0010-0122000069ta aSPBUPDbind0 aIwan BinantoePengarang1 aMultimedia Digital :bDasar Teori dan Pengembangannya a.-Ed 1, Cet 10 axii, 324 hal. :billus. ;c16x23 cm a978-979-29-1328-6 aind a006.7 a027.68 paw k 1-17 a.--Yogyakarta :bANDI,c2010 2rdacontentaTeks 2rdamediaaTanpa Perantara 2rdacarrieravolume aPUPAD260526 0  4aMultimedia Digital aEditor, Nikodemus WKePengarang a006.7 IWA m abibliografi, 313-315 hlm a13261/BR-2010 a13262/BR/2010 a13263/BR/2010 a13262/BR-2010